000
00207 a2200097 4500
001
47434
100
_a
Maccle H
245
_a
Spearhead general
260
_a
London
_b
Odhams press
_c
090
_c
30462
_d
30462
942
_a
NUST-CAE
_c
M
_c
22739
999
_c
282507
_d
282507